000
00259nam a22001097a 4500
082
_a
425
_b
CAM/I
100
_a
CAMPELL, DIANNA
245
_a
IMPROVE YOUR ENGLISH
246
_a
IMPROVE YOUR ENGLISH
_b
IMPROVE YOUR ENGLISH
650
_a
ENGLISH GRAMMAR
942
_c
BK
999
_c
8853
_d
8853